| 000 | 00542nam a2200181 a 4500 | ||
|---|---|---|---|
| 005 | 20140310183501.0 | ||
| 008 | 100226s19uu xx 00 eng d | ||
| 020 | _a131582556659 | ||
| 050 |
_aRT 65 _b.N826 2008 |
||
| 245 |
_aNursing : _bunderstanding diseases. / |
||
| 260 |
_aPhiladelphia : _bLippincott Williams & Wilkins, _c2008. |
||
| 300 |
_a732 p. : _bcol. ill. ; _c24 cm. |
||
| 521 | _aNUR | ||
| 650 |
_aDiseases _xHandbooks, manuals, etc. |
||
| 650 |
_aNursing _xHandbooks, manuals, etc. |
||
| 942 |
_cBK _2lcc _kFOR |
||
| 999 |
_c23901 _d23901 |
||